[Event "Titled Tuesday intern op 22nd Aug Early"]
[Site "Chess.com INT"]
[Date "2023.08.22"]
[Round "4"]
[White "Andreassen, Lars"]
[Black "Derichs, Roger"]
[Result "0-1"]
[WhiteElo "2168"]
[BlackElo "2250"]
[PlyCount "88"]
[EventDate "2023.08.22"]
[EventType "swiss (blitz)"]
[EventRounds "11"]
[EventCountry "USA"]
[SourceTitle "EXT 2024"]
[Source "ChessBase"]
[SourceDate "2023.10.10"]
[SourceVersion "1"]
[SourceVersionDate "2023.10.10"]
[SourceQuality "1"]

1. d4 d6 2. Nf3 Bg4 3. e4 Nf6 4. Nc3 e6 5. Bg5 Be7 6. Qd2 d5 7. exd5 Nxd5 8. Bxe7 Qxe7 9. Be2 0-0 10. 0-0 Rd8 11. Rfe1 c5 12. Ne5 Bxe2 13. Rxe2 Nxc3 14. bxc3 Nd7 15. Rae1 Nxe5 16. Rxe5 cxd4 17. cxd4 Qc7 18. d5 Rac8 19. Qe3 Qc5 20. dxe6 Qxe3 21. exf7+ Kxf7 22. R5xe3 Rd7 23. c3 Rdc7 24. Rf3+ Kg8 25. Ree3 b5 26. a3 Rc4 27. g3 h6 28. Re7 R8c7 29. Rxc7 Rxc7 30. Kg2 Rc4 31. Rf5 a6 32. Rf3 Ra4 33. Re3 Rxa3 34. Kf3 Rb3 35. Ke4 Rb2 36. Rf3 a5 37. Kd5 a4 38. Re3 Rxf2 39. h4 Rb2 40. Kc5 Rb3 41. Kd4 b4 42. cxb4 Rxe3 43. Kxe3 a3 44. Kd3 a2 0-1

[Event "Bamberg op-A 5th"]
[Site "Bamberg"]
[Date "2023.07.29"]
[Round "5"]
[White "Zimm, Justus"]
[Black "Derichs, Roger"]
[Result "1/2-1/2"]
[WhiteElo "2065"]
[BlackElo "2286"]
[PlyCount "112"]
[EventDate "2023.07.26"]
[EventType "swiss"]
[EventRounds "7"]
[EventCountry "GER"]
[SourceTitle "CBM 215 Extra"]
[Source "ChessBase"]
[SourceDate "2023.09.30"]
[SourceVersion "1"]
[SourceVersionDate "2023.09.30"]
[SourceQuality "1"]

1. e4 e6 2. d4 d5 3. Nc3 Bb4 4. e5 c5 5. a3 Bxc3+ 6. bxc3 Nc6 7. Qg4 g6 8. h4 h6 9. h5 g5 10. f4 f5 11. Qg3 g4 12. dxc5 Nge7 13. Rb1 0-0 14. Bd3 Qa5 15. Ne2 Rb8 16. Kf2 Qxc5+ 17. Be3 Qa5 18. Rb5 Qd8 19. Bc5 b6 20. Bd6 Ra8 21. c4 Rf7 22. cxd5 Nxd5 23. Rd1 Nde7 24. Bc4 Na5 25. Ba2 Qe8 26. Nd4 Nec6 27. Nxc6 Qxc6 28. Qd3 Bd7 29. Rb4 Rc8 30. Rd2 b5 31. Rxb5 Qxb5 32. Qxb5 Bxb5 33. Bxe6 Nc4 34. Rd5 Nxd6 35. exd6 Rxc2+ 36. Kg3 Bd7 37. Bxf7+ Kxf7 38. Re5 Be6 39. Ra5 Rd2 40. Rxa7+ Kf6 41. Rh7 Rxd6 42. Rxh6+ Kg7 43. Rg6+ Kf7 44. Kh4 Rd2 45. g3 Rd3 46. a4 Ra3 47. a5 Rxa5 48. Kg5 Ra3 49. h6 Ra8 50. Rg7+ Kf8 51. Kf6 Bc8 52. Kg6 Ra6+ 53. Kh7 Be6 54. Kh8 Bf7 55. h7 Rg6 56. Rxg6 Bxg6 1/2-1/2

[Event "Bamberg op-A 5th"]
[Site "Bamberg"]
[Date "2023.07.27"]
[Round "3"]
[White "Lechermann, Markus"]
[Black "Derichs, Roger"]
[Result "1/2-1/2"]
[WhiteElo "2099"]
[BlackElo "2286"]
[PlyCount "98"]
[EventDate "2023.07.26"]
[EventType "swiss"]
[EventRounds "7"]
[EventCountry "GER"]
[SourceTitle "CBM 215 Extra"]
[Source "ChessBase"]
[SourceDate "2023.09.30"]
[SourceVersion "1"]
[SourceVersionDate "2023.09.30"]
[SourceQuality "1"]

1. d4 d5 2. Bf4 Nf6 3. e3 e6 4. Nd2 c5 5. c3 Nc6 6. Ngf3 Be7 7. Bd3 Nh5 8. Bg3 g6 9. Ne5 Qb6 10. Rb1 0-0 11. Qf3 Nxe5 12. Bxe5 f6 13. Bg3 Bd7 14. Bh4 Bc6 15. Qh3 Ng7 16. f4 Bb5 17. Bc2 a5 18. Nf3 Bd6 19. Bxf6 Rxf6 20. Ng5 h5 21. g4 Be8 22. Rg1 cxd4 23. gxh5 d3 24. Bxd3 Nxh5 25. Kd2 Bf8 26. Nf3 Bg7 27. Qh4 Qd8 28. Ne5 Rf8 29. Qh3 Rf5 30. Nxg6 Nf6 31. Bxf5 exf5 32. Ne5 Ne4+ 33. Kc2 Ba4+ 34. b3 Qc7 35. Rxg7+ Qxg7 36. bxa4 Rc8 37. Rb6 Rxc3+ 38. Kb2 Rc6 39. Rxc6 bxc6 40. Qxf5 Nc5 41. Qg5 Nd3+ 42. Kc3 Qxg5 43. fxg5 Nxe5 44. Kd4 Nd7 45. e4 dxe4 46. Kxe4 Kf7 47. Kf5 c5 48. h4 c4 49. Ke4 Kg6 1/2-1/2

[Event "Prague op"]
[Site "Prague"]
[Date "2023.06.26"]
[Round "5"]
[White "Sokolovsky, Yahli"]
[Black "Derichs, Roger"]
[Result "1-0"]
[WhiteElo "2464"]
[BlackElo "2286"]
[PlyCount "47"]
[EventDate "2023.06.22"]
[EventType "swiss"]
[EventRounds "9"]
[EventCountry "CZE"]
[SourceTitle "CBM 215 Extra"]
[Source "ChessBase"]
[SourceDate "2023.09.30"]
[SourceVersion "1"]
[SourceVersionDate "2023.09.30"]
[SourceQuality "1"]

1. e4 e6 2. d4 d5 3. e5 c5 4. c3 Ne7 5. Na3 Nbc6 6. Nf3 cxd4 7. cxd4 Nf5 8. Nc2 Bd7 9. Bd3 Qb6 10. 0-0 a5 11. Kh1 h6 12. Rb1 Nb4 13. Nxb4 axb4 14. Bd2 Bb5 15. Bxb5+ Qxb5 16. a3 Qd3 17. axb4 Nxd4 18. Nxd4 Qxd4 19. Ra1 Rxa1 20. Qxa1 Qxe5 21. Qa8+ Kd7 22. f4 Qe2 23. Qxb7+ Ke8 24. Ra1 1-0

[Event "Titled Tuesday intern op 25th Apr Early"]
[Site "Chess.com INT"]
[Date "2023.04.25"]
[Round "5"]
[White "Butolo, Alexandru Mircea"]
[Black "Derichs, Roger"]
[Result "0-1"]
[WhiteElo "2033"]
[BlackElo "2286"]
[PlyCount "96"]
[EventDate "2023.04.25"]
[EventType "swiss (blitz)"]
[EventRounds "11"]
[EventCountry "USA"]
[SourceTitle "EXT 2024"]
[Source "ChessBase"]
[SourceDate "2023.10.10"]
[SourceVersion "1"]
[SourceVersionDate "2023.10.10"]
[SourceQuality "1"]

1. Nf3 d5 2. g3 g6 3. Bg2 Bg7 4. 0-0 Nf6 5. d3 0-0 6. Nbd2 c5 7. e4 Nc6 8. Re1 b6 9. c3 Bb7 10. Qc2 Re8 11. h4 e6 12. Nf1 h5 13. Bg5 Qc7 14. e5 Ng4 15. d4 Rac8 16. Rac1 Ne7 17. Qd2 Nf5 18. N1h2 Nxh2 19. Nxh2 Kh7 20. Nf1 Ba6 21. Ne3 Nxe3 22. Qxe3 cxd4 23. cxd4 Qd7 24. Bf1 Bxf1 25. Rxf1 Rxc1 26. Rxc1 Rc8 27. Rxc8 Qxc8 28. Qc3 Qxc3 29. bxc3 Kg8 30. Kf1 Kf8 31. Ke2 Ke8 32. Kd3 Kd7 33. Bc1 Bf8 34. c4 Kc6 35. Bd2 dxc4+ 36. Kxc4 b5+ 37. Kd3 Kd5 38. Ba5 Ba3 39. Bd8 Bb2 40. Ke3 Bxd4+ 41. Kf4 Bxe5+ 42. Kg5 Kd6 43. Bf6 a5 44. f4 Bxf6+ 45. Kxf6 b4 46. Kxf7 a4 47. Kxg6 b3 48. Kxh5 bxa2 0-1

[Event "Titled Tuesday intern op 25th Apr Early"]
[Site "Chess.com INT"]
[Date "2023.04.25"]
[Round "8"]
[White "Hambleton, Aman"]
[Black "Derichs, Roger"]
[Result "1-0"]
[WhiteElo "2420"]
[BlackElo "2286"]
[PlyCount "69"]
[EventDate "2023.04.25"]
[EventType "swiss (blitz)"]
[EventRounds "11"]
[EventCountry "USA"]
[SourceTitle "EXT 2024"]
[Source "ChessBase"]
[SourceDate "2023.10.10"]
[SourceVersion "1"]
[SourceVersionDate "2023.10.10"]
[SourceQuality "1"]

1. d4 d5 2. Bf4 e6 3. e3 Nf6 4. Nd2 c5 5. c3 Nc6 6. Ngf3 Be7 7. Bd3 Nh5 8. Be5 f6 9. Bg3 Qb6 10. Qc2 Nxg3 11. hxg3 f5 12. g4 g6 13. gxf5 exf5 14. dxc5 Qxc5 15. g4 0-0 16. gxf5 Bxf5 17. Bxf5 Rxf5 18. 0-0-0 Raf8 19. Rh3 b5 20. Rdh1 R8f7 21. Kb1 b4 22. c4 d4 23. Nb3 Qd6 24. c5 Qf6 25. Nfxd4 Rxf2 26. Qc4 Ne5 27. Qd5 Rf1+ 28. Nc1 Rxh1 29. Rxh1 Ng4 30. Re1 Qf2 31. Re2 Qf1 32. c6 Bf6 33. Qc4 Ne5 34. Qxb4 Kg7 35. Qb8 1-0

[Event "Titled Tuesday intern op 18th Apr Early"]
[Site "Chess.com INT"]
[Date "2023.04.18"]
[Round "10"]
[White "Aalto, Patrik"]
[Black "Derichs, Roger"]
[Result "0-1"]
[WhiteElo "2251"]
[BlackElo "2286"]
[PlyCount "204"]
[EventDate "2023.04.18"]
[EventType "swiss (blitz)"]
[EventRounds "11"]
[EventCountry "USA"]
[SourceTitle "EXT 2024"]
[Source "ChessBase"]
[SourceDate "2023.10.10"]
[SourceVersion "1"]
[SourceVersionDate "2023.10.10"]
[SourceQuality "1"]

1. e4 e6 2. b3 d5 3. Bb2 a6 4. exd5 exd5 5. Nf3 Nf6 6. Be2 Be7 7. 0-0 0-0 8. d4 Bg4 9. h3 Bh5 10. Nbd2 Nbd7 11. Re1 Re8 12. a4 Bb4 13. c3 Bd6 14. Ba3 Bxa3 15. Rxa3 a5 16. Ra1 c6 17. Qc2 Qc7 18. Bd3 Bxf3 19. Nxf3 g6 20. Qd2 Kg7 21. Re3 Rxe3 22. Qxe3 Re8 23. Qd2 Qd6 24. Re1 Rxe1+ 25. Qxe1 Qa3 26. Qb1 h6 27. Nd2 Qd6 28. Qe1 Nf8 29. Nf3 N6d7 30. Qe2 Qe6 31. Kf1 Qxe2+ 32. Kxe2 Kf6 33. Ke3 Ke6 34. Nd2 f5 35. h4 Kf6 36. Nf3 Ne6 37. g3 g5 38. hxg5+ hxg5 39. Nd2 g4 40. f3 gxf3 41. Nxf3 Ng5 42. Nxg5 Kxg5 43. c4 Nf6 44. cxd5 Nxd5+ 45. Kf3 Nf6 46. Bc2 Ng4 47. Bd3 Nh6 48. Bc2 Nf7 49. Bd3 Nd8 50. Bc2 Ne6 51. Ke3 Kg4 52. Bd3 Nc7 53. Kf2 Nd5 54. Be2+ Kg5 55. Kf3 Nc3 56. Bd3 Nd5 57. Be2 Nf6 58. Bd3 Nh5 59. Bc4 Nf6 60. Be6 Ne8 61. d5 c5 62. Bc8 Nd6 63. Bd7 b6 64. Be6 Ne8 65. Bd7 Nd6 66. Be6 Ne4 67. Bc8 Kf6 68. Kf4 Nd6 69. Be6 c4 70. bxc4 Nxc4 71. g4 fxg4 72. Bxg4 Ke7 73. Ke4 Kd6 74. Kd4 Nb2 75. Be6 Nxa4 76. Kc4 Kc7 77. Kb5 Nc3+ 78. Kc4 Ne4 79. Kb5 Nd6+ 80. Ka4 Kd8 81. Bg8 Ke7 82. Be6 Kf6 83. Bg8 Ke5 84. Be6 Kd4 85. Bg8 Kc5 86. Be6 Nc4 87. Kb3 Ne3 88. d6 Kxd6 89. Bg8 Kc5 90. Kc3 Nd5+ 91. Kb3 b5 92. Bf7 a4+ 93. Ka3 Nb6 94. Bg8 Nc4+ 95. Ka2 b4 96. Bf7 b3+ 97. Kb1 Kb4 98. Bg6 Kc3 99. Bh7 a3 100. Ka1 Kb4 101. Bg6 a2 102. Bf7 Ka3 0-1

[Event "Titled Tuesday intern op 18th Apr Early"]
[Site "Chess.com INT"]
[Date "2023.04.18"]
[Round "8"]
[White "Derichs, Roger"]
[Black "Necula, Iulian"]
[Result "1/2-1/2"]
[WhiteElo "2286"]
[BlackElo "1851"]
[PlyCount "78"]
[EventDate "2023.04.18"]
[EventType "swiss (blitz)"]
[EventRounds "11"]
[EventCountry "USA"]
[SourceTitle "EXT 2024"]
[Source "ChessBase"]
[SourceDate "2023.10.10"]
[SourceVersion "1"]
[SourceVersionDate "2023.10.10"]
[SourceQuality "1"]

1. d4 d6 2. c4 e5 3. d5 f5 4. e4 Nf6 5. Nc3 f4 6. g3 Bg4 7. f3 Bh5 8. g4 Bg6 9. h4 Be7 10. Qc2 0-0 11. Bd2 c6 12. 0-0-0 cxd5 13. cxd5 Nbd7 14. Nh3 Rc8 15. Kb1 a6 16. Ng5 Bf7 17. Ne6 Bxe6 18. dxe6 Nc5 19. Bc4 b5 20. Bb3 b4 21. Nd5 Nxb3 22. Qxb3 Nxd5 23. exd5 a5 24. Rc1 Rxc1+ 25. Bxc1 Bxh4 26. Qd3 g6 27. Bd2 Bg5 28. Rc1 Kg7 29. b3 h5 30. gxh5 gxh5 31. Rh1 Kh6 32. Be1 Qb6 33. Qe2 Qe3 34. Qh2 Qxf3 35. Bh4 Qe4+ 36. Ka1 Qd4+ 37. Kb1 Qe4+ 38. Ka1 Qd4+ 39. Kb1 Qe4+ 1/2-1/2

[Event "Titled Tuesday intern op 18th Apr Early"]
[Site "Chess.com INT"]
[Date "2023.04.18"]
[Round "4"]
[White "Principe, Alexander"]
[Black "Derichs, Roger"]
[Result "1-0"]
[WhiteElo "2295"]
[BlackElo "2286"]
[PlyCount "91"]
[EventDate "2023.04.18"]
[EventType "swiss (blitz)"]
[EventRounds "11"]
[EventCountry "USA"]
[SourceTitle "EXT 2024"]
[Source "ChessBase"]
[SourceDate "2023.10.10"]
[SourceVersion "1"]
[SourceVersionDate "2023.10.10"]
[SourceQuality "1"]

1. e4 e6 2. d4 d5 3. Nc3 Bb4 4. e5 c5 5. Bd2 Ne7 6. f4 cxd4 7. Nb5 Bxd2+ 8. Qxd2 0-0 9. Nf3 Nbc6 10. Nbxd4 Bd7 11. c3 Qb6 12. Bd3 Nxd4 13. Nxd4 Nc6 14. Nxc6 bxc6 15. Qf2 Qxf2+ 16. Kxf2 a5 17. Ke3 Rfb8 18. Rab1 Kf8 19. Kd4 Ke7 20. a4 h6 21. g4 f6 22. Rhf1 Rf8 23. b3 Ra7 24. Kc5 Rb8 25. Bc2 Rh8 26. Bg6 Rb8 27. h4 Ra6 28. Bc2 Rf8 29. Rbe1 Rb8 30. Rg1 Rh8 31. Re3 Rf8 32. g5 fxe5 33. gxh6 gxh6 34. Rg7+ Rf7 35. Rxf7+ Kxf7 36. fxe5 Ke7 37. Rg3 Be8 38. Rg7+ Kf8 39. Rb7 Ra8 40. Rh7 Kg8 41. Rxh6 Bf7 42. Rf6 Kg7 43. h5 Bg8 44. h6+ Kh8 45. h7 Bxh7 46. Rh6 1-0

[Event "Titled Tuesday intern op 11th Apr Early"]
[Site "Chess.com INT"]
[Date "2023.04.11"]
[Round "8"]
[White "Derichs, Roger"]
[Black "Janaszak, Dawid"]
[Result "0-1"]
[WhiteElo "2286"]
[BlackElo "2316"]
[PlyCount "66"]
[EventDate "2023.04.11"]
[EventType "swiss (blitz)"]
[EventRounds "11"]
[EventCountry "USA"]
[SourceTitle "CBM 213 Extra"]
[Source "ChessBase"]
[SourceDate "2023.05.31"]
[SourceVersion "1"]
[SourceVersionDate "2023.05.31"]
[SourceQuality "1"]

1. d4 Nf6 2. c4 c5 3. d5 b5 4. cxb5 a6 5. bxa6 e6 6. Nc3 Bxa6 7. e4 Bxf1 8. Kxf1 d6 9. Nf3 exd5 10. Nxd5 Nbd7 11. Bg5 Be7 12. Bxf6 Nxf6 13. Qc2 0-0 14. g3 Nxd5 15. exd5 Bf6 16. Kg2 Qb8 17. Rhb1 Re8 18. Nd2 Re2 19. Qd3 Qe8 20. Nc4 Bd4 21. Rf1 Ra6 22. Kf3 Re7 23. a3 Qa8 24. Ne3 g6 25. Rab1 Ra4 26. Rfe1 Re5 27. Red1 f5 28. Kg2 Ra7 29. Kg1 Rae7 30. Re1 Re4 31. h4 f4 32. Nc2 Qxd5 33. Rxe4 Bxf2+ 0-1

[Event "Titled Tuesday intern op 11th Apr Early"]
[Site "Chess.com INT"]
[Date "2023.04.11"]
[Round "6"]
[White "Derichs, Roger"]
[Black "Namitbir, Singh Walia"]
[Result "1-0"]
[WhiteElo "2286"]
[BlackElo "2364"]
[PlyCount "100"]
[EventDate "2023.04.11"]
[EventType "swiss (blitz)"]
[EventRounds "11"]
[EventCountry "USA"]
[SourceTitle "CBM 213 Extra"]
[Source "ChessBase"]
[SourceDate "2023.05.31"]
[SourceVersion "1"]
[SourceVersionDate "2023.05.31"]
[SourceQuality "1"]

1. d4 Nf6 2. c4 c5 3. d5 e6 4. Nc3 d6 5. Nf3 g6 6. g3 Bg7 7. Bg2 exd5 8. cxd5 0-0 9. 0-0 Re8 10. Bf4 Ne4 11. Nxe4 Rxe4 12. Nd2 Re8 13. Nc4 Bf8 14. a4 Bf5 15. Re1 Be4 16. f3 Bf5 17. e4 Bc8 18. e5 dxe5 19. Rxe5 Rxe5 20. Bxe5 Nd7 21. Bc3 Nb6 22. Nxb6 axb6 23. f4 Bd7 24. b3 Qe8 25. Qd2 Bf5 26. Re1 Qd7 27. Bb2 Bg7 28. Bxg7 Kxg7 29. Qc3+ Kg8 30. Qf6 Re8 31. Re5 b5 32. Rxe8+ Qxe8 33. Qe5 Qxe5 34. fxe5 bxa4 35. bxa4 b6 36. Kf2 Bd7 37. Ke3 Bxa4 38. Bh3 Kf8 39. Kf4 Ke7 40. Kg5 h5 41. d6+ Ke8 42. Kf6 Bb3 43. Bg2 Kd8 44. Be4 Be6 45. Bxg6 c4 46. Bxf7 Bxf7 47. Kxf7 c3 48. e6 c2 49. e7+ Kd7 50. e8Q+ Kxd6 1-0

[Event "Titled Tuesday intern op 20th Sep Early"]
[Site "Chess.com INT"]
[Date "2022.09.20"]
[Round "11"]
[White "Torres Bosch, Jose Francisco"]
[Black "Derichs, Roger"]
[Result "0-1"]
[WhiteElo "2173"]
[BlackElo "2286"]
[PlyCount "110"]
[EventDate "2022.09.20"]
[EventType "swiss (blitz)"]
[EventRounds "11"]
[EventCountry "USA"]
[SourceTitle "EXT 2023"]
[Source "ChessBase"]
[SourceDate "2022.10.05"]
[SourceVersion "1"]
[SourceVersionDate "2022.10.05"]
[SourceQuality "1"]

1. e4 e6 2. d4 d5 3. Nc3 Bb4 4. e5 Ne7 5. a3 Bxc3+ 6. bxc3 b6 7. Qg4 Ng6 8. h4 h5 9. Qd1 c5 10. Bb5+ Bd7 11. Bd3 c4 12. Bxg6 fxg6 13. Qf3 Qe7 14. a4 Qf7 15. Qg3 0-0 16. Ba3 Re8 17. Bd6 Nc6 18. Nh3 Qf5 19. Nf4 Kh7 20. 0-0 Qf7 21. Rfe1 Ne7 22. Bxe7 Rxe7 23. Re3 Qf5 24. Rf3 Qg4 25. Qxg4 hxg4 26. Rg3 Be8 27. Rxg4 Bf7 28. Nh3 Rb7 29. Rf4 Kg8 30. Ng5 a6 31. Rb1 Rab8 32. Kf1 b5 33. axb5 axb5 34. Ke2 Re7 35. Kd2 Be8 36. Rb4 Bd7 37. Rf3 Ra8 38. Re3 Ra1 39. Re1 Ra2 40. Reb1 Re8 41. f4 Rea8 42. Rxb5 Bxb5 43. Rxb5 R2a6 44. Rb7 R6a7 45. Rxa7 Rxa7 46. Nxe6 Ra1 47. Nc7 Rg1 48. Nxd5 Rxg2+ 49. Ke3 Kf7 50. Ke4 Rxc2 51. Nb6 Rxc3 52. Kd5 Rf3 53. Nxc4 Rxf4 54. Ne3 Rxh4 55. Kc5 Re4 0-1

[Event "Erfurt op-A 29th"]
[Site "Erfurt"]
[Date "2019.12.29"]
[Round "6"]
[White "Pubantz, Jan"]
[Black "Derichs, Roger"]
[Result "1-0"]
[WhiteElo "2207"]
[BlackElo "2311"]
[PlyCount "51"]
[EventDate "2019.12.26"]
[EventType "swiss"]
[EventRounds "8"]
[EventCountry "GER"]
[SourceTitle "CBM 194 Extra"]
[Source "ChessBase"]
[SourceDate "2020.03.31"]
[SourceVersion "1"]
[SourceVersionDate "2020.03.31"]
[SourceQuality "1"]

1. d4 e6 2. c4 f5 3. g3 Nf6 4. Bg2 d5 5. Nf3 Bd6 6. 0-0 0-0 7. b3 b6 8. Ba3 Bb7 9. Bxd6 cxd6 10. cxd5 Nxd5 11. Qd2 Nf6 12. Nc3 Nbd7 13. Rac1 Qe7 14. Ng5 Bxg2 15. Kxg2 Rac8 16. Nb5 h6 17. Rxc8 Rxc8 18. Nxa7 Rf8 19. Nc6 Qe8 20. Nf3 g5 21. Qc2 g4 22. Nd2 Qa8 23. Kg1 Nd5 24. e4 fxe4 25. Nxe4 Rc8 26. Nxd6 1-0

[Event "Erfurt op-A 29th"]
[Site "Erfurt"]
[Date "2019.12.26"]
[Round "1"]
[White "Derichs, Roger"]
[Black "Wilton, Lars"]
[Result "1/2-1/2"]
[WhiteElo "2311"]
[BlackElo "2047"]
[PlyCount "102"]
[EventDate "2019.12.26"]
[EventType "swiss"]
[EventRounds "8"]
[EventCountry "GER"]
[SourceTitle "CBM 194 Extra"]
[Source "ChessBase"]
[SourceDate "2020.03.31"]
[SourceVersion "1"]
[SourceVersionDate "2020.03.31"]
[SourceQuality "1"]

1. Nf3 Nf6 2. c4 g6 3. Nc3 Bg7 4. e4 d6 5. d4 0-0 6. Be3 Nbd7 7. Nd2 c5 8. d5 e5 9. Be2 Ne8 10. g4 Bf6 11. Nf3 Ng7 12. Qd2 a6 13. 0-0-0 Be7 14. Rdg1 b5 15. Bh6 b4 16. Nd1 Nf6 17. Ng5 Kh8 18. Ne3 Ng8 19. Bxg7+ Kxg7 20. Nf3 Kh8 21. h4 Nf6 22. Bd3 h5 23. Nf5 gxf5 24. Qh6+ Nh7 25. gxf5 Rg8 26. Qxh5 Rxg1+ 27. Rxg1 Qf8 28. Ng5 Bxg5+ 29. hxg5 Ra7 30. Rh1 Qg8 31. g6 fxg6 32. fxg6 Rg7 33. gxh7 Rxh7 34. Qd1 Rxh1 35. Qxh1+ Qh7 36. Qf3 Kg7 37. Be2 Qh6+ 38. Kc2 Qg5 39. a3 a5 40. Bf1 Bd7 41. Bh3 Ba4+ 42. b3 Be8 43. axb4 axb4 44. Bf5 Bh5 45. Qh1 Kh6 46. Qh2 Kg7 47. Qh3 Kh6 48. Bd7 Qg1 49. Qe6+ Bg6 50. Qf6 Qe1 51. Qh4+ Kg7 1/2-1/2

[Event "Hessenliga 1921"]
[Site "Hessen"]
[Date "2019.11.10"]
[Round "3.1"]
[White "Brueggemann, Ludger"]
[Black "Derichs, Roger"]
[Result "1/2-1/2"]
[WhiteElo "2199"]
[BlackElo "2311"]
[PlyCount "30"]
[EventDate "2019.09.22"]
[EventType "team-tourn"]
[EventRounds "9"]
[EventCountry "GER"]
[SourceTitle "EXT 2024"]
[Source "ChessBase"]
[SourceDate "2023.10.10"]
[SourceVersion "1"]
[SourceVersionDate "2023.10.10"]
[SourceQuality "1"]
[WhiteTeam "Frankfurt TV"]
[BlackTeam "Giessen"]
[WhiteTeamCountry "GER"]
[BlackTeamCountry "GER"]

1. e4 e6 2. d3 c5 3. Nc3 Nc6 4. g3 g6 5. Bg2 Bg7 6. Be3 d6 7. Qd2 Nd4 8. Nd1 e5 9. c3 Nc6 10. f4 Nge7 11. Nf3 exf4 12. Bxf4 h6 13. 0-0 Be6 14. Nf2 g5 15. Be3 Ng6 1/2-1/2

[Event "Hessenliga 1819"]
[Site "Hessen"]
[Date "2019.02.17"]
[Round "6.1"]
[White "Derichs, Roger"]
[Black "Keller, Peter1111"]
[Result "1-0"]
[WhiteElo "2295"]
[BlackElo "2193"]
[PlyCount "71"]
[EventDate "2018.09.23"]
[EventType "team-tourn"]
[EventRounds "9"]
[EventCountry "GER"]
[SourceTitle "EXT 2020"]
[Source "ChessBase"]
[SourceDate "2019.10.17"]
[SourceVersion "1"]
[SourceVersionDate "2019.10.17"]
[SourceQuality "1"]
[WhiteTeam "Giessen"]
[BlackTeam "Frankfurt TV"]
[WhiteTeamCountry "GER"]
[BlackTeamCountry "GER"]

1. Nf3 Nf6 2. c4 g6 3. Nc3 Bg7 4. e4 d6 5. d4 0-0 6. Be3 e5 7. dxe5 dxe5 8. Qxd8 Rxd8 9. Nd5 Nxd5 10. cxd5 c6 11. Bc4 b5 12. Bb3 Bb7 13. Rc1 cxd5 14. Rc7 Bc6 15. exd5 Be8 16. Rxa7 Rxa7 17. Bxa7 Rc8 18. Ke2 Nd7 19. Be3 f6 20. Nd2 f5 21. f3 Bf7 22. Nb1 Nf6 23. Rd1 b4 24. Bb6 Bf8 25. Bf2 h6 26. Bg3 f4 27. Bf2 e4 28. fxe4 Nxe4 29. Bd4 g5 30. Nd2 Bh5+ 31. Nf3 g4 32. d6+ Kh7 33. d7 Rd8 34. Bb6 Be7 35. Bxd8 Bxd8 36. Bc2 1-0

[Event "Erfurt op 28th"]
[Site "Erfurt"]
[Date "2018.12.29"]
[Round "7"]
[White "Feldmann, Johannes"]
[Black "Derichs, Roger"]
[Result "0-1"]
[WhiteElo "2212"]
[BlackElo "2295"]
[PlyCount "94"]
[EventDate "2018.12.26"]
[EventType "swiss"]
[EventRounds "8"]
[EventCountry "GER"]
[SourceTitle "CBM 188 Extra"]
[Source "ChessBase"]
[SourceDate "2019.02.26"]
[SourceVersion "1"]
[SourceVersionDate "2019.02.26"]
[SourceQuality "1"]

1. d4 e6 2. c4 f5 3. g3 Nf6 4. Bg2 d5 5. Nf3 Bd6 6. 0-0 0-0 7. Nc3 c6 8. Rb1 Qe7 9. Qc2 Bd7 10. Bg5 Be8 11. c5 Bc7 12. b4 h6 13. Bf4 Bxf4 14. gxf4 Bh5 15. Ne5 Nbd7 16. b5 Nxe5 17. fxe5 Ne4 18. Nxe4 fxe4 19. bxc6 bxc6 20. Rb3 Rf5 21. Rg3 Raf8 22. Qd2 Kh7 23. f3 exf3 24. Bxf3 Qh4 25. Bg2 Rxf1+ 26. Bxf1 Rf4 27. e3 Rf7 28. Bd3+ Kg8 29. Qg2 a5 30. Qh3 Qxh3 31. Rxh3 Bd1 32. Rg3 Rb7 33. Rg2 a4 34. Rd2 Bh5 35. Kf2 a3 36. e4 Rf7+ 37. Ke1 Bf3 38. Rf2 dxe4 39. Bc4 Bg4 40. Rxf7 Kxf7 41. Kd2 Bf3 42. Bb3 Ke7 43. Ke3 g5 44. Ba4 Kd7 45. h3 Bg2 46. Bc2 Bxh3 47. Bxe4 Bf1 0-1

[Event "Hessenliga 1819"]
[Site "Hessen"]
[Date "2018.11.18"]
[Round "3.1"]
[White "Frolov, Artur"]
[Black "Derichs, Roger"]
[Result "1-0"]
[WhiteElo "2425"]
[BlackElo "2295"]
[PlyCount "107"]
[EventDate "2018.09.23"]
[EventType "team-tourn"]
[EventRounds "9"]
[EventCountry "GER"]
[SourceTitle "EXT 2020"]
[Source "ChessBase"]
[SourceDate "2019.10.17"]
[SourceVersion "1"]
[SourceVersionDate "2019.10.17"]
[SourceQuality "1"]
[WhiteTeam "Bad Emstal/Wolfhagen"]
[BlackTeam "Giessen"]
[WhiteTeamCountry "GER"]
[BlackTeamCountry "GER"]

1. e4 d6 2. d4 Nf6 3. Nc3 e5 4. dxe5 dxe5 5. Qxd8+ Kxd8 6. Bc4 Ke8 7. Nf3 Bd6 8. Bg5 Nbd7 9. 0-0-0 a6 10. Rhe1 h6 11. Bh4 Kf8 12. h3 g6 13. g4 Kg7 14. Nd2 h5 15. g5 Nh7 16. Nf3 Re8 17. Nd5 Nhf8 18. Rd2 Ne6 19. Red1 Nf4 20. Nxc7 Bxc7 21. Rxd7 Bxd7 22. Rxd7 Rac8 23. Rxf7+ Kh8 24. Bg3 Rf8 25. Bxf4 exf4 26. Nh4 Rxf7 27. Bxf7 f3 28. Bxg6 Rd8 29. a4 Bf4+ 30. Kb1 Rd1+ 31. Ka2 Rd2 32. Bxh5 Rxf2 33. Ng6+ Kg8 34. Nxf4 Rxc2 35. Bxf3 Rf2 36. Bg4 Rxf4 37. Bf5 Rf3 38. a5 Rg3 39. g6 Kg7 40. b3 Rc3 41. Ka3 Rc5 42. Kb4 Rc1 43. h4 Rc7 44. h5 Kh6 45. Bg4 Kg7 46. e5 Kh6 47. Bf3 Re7 48. Ka4 Kg7 49. b4 Rc7 50. Bd5 Re7 51. Kb3 Kh6 52. Kc4 Rc7+ 53. Kd4 Kxh5 54. Bf7 1-0

[Event "Hessenliga 1718"]
[Site "Hessen"]
[Date "2017.09.17"]
[Round "1.1"]
[White "Derichs, Roger"]
[Black "Hankel, Dennis"]
[Result "1-0"]
[WhiteElo "2295"]
[BlackElo "2128"]
[PlyCount "65"]
[EventDate "2017.09.17"]
[EventType "team-tourn"]
[EventRounds "9"]
[EventCountry "GER"]
[SourceTitle "CBM 189 Extra"]
[Source "ChessBase"]
[SourceDate "2019.06.03"]
[SourceVersion "1"]
[SourceVersionDate "2019.06.03"]
[SourceQuality "1"]
[WhiteTeam "Giessen"]
[BlackTeam "Neuberg II"]
[WhiteTeamCountry "GER"]
[BlackTeamCountry "GER"]

1. Nf3 d5 2. c4 c6 3. g3 Bg4 4. Bg2 e6 5. b3 Nd7 6. Bb2 Ngf6 7. 0-0 Bd6 8. d4 0-0 9. Nbd2 Re8 10. Ne5 Bh5 11. h3 Qc7 12. f4 c5 13. g4 Bg6 14. e3 Rad8 15. Qe2 Ne4 16. Nxe4 Bxe4 17. Bxe4 dxe4 18. Qg2 f5 19. Rad1 Re7 20. Rd2 cxd4 21. exd4 Bxe5 22. fxe5 Qa5 23. Rdf2 Rf8 24. gxf5 exf5 25. Rxf5 Qxa2 26. Rxf8+ Nxf8 27. Qc2 Ne6 28. Qc3 Qa6 29. Qb4 Rf7 30. Rxf7 Kxf7 31. d5 Nf4 32. e6+ Kg8 33. Qe7 1-0